000 00506nam a22001697a 4500
005 20170926141246.0
010 _aENG-120727
020 _a9789381325216
_c150.00
035 _aEN-104259
037 _bDBAD/PUB
082 _a509.54
245 _aIntroduction to History of science in India /
260 _aKolkata
_bThe Ramakrishna Mission Institute of Culture
_c2013
270 _aGol Park
_bKolkata
_e700029
300 _aix,218p.:
_c25cm(Hb)
_bill.
942 _2ddc
_cEN
_h509.54
_mINT
999 _c145541
_d145541